| 000 | 00853nam a2200241 a 4500 | ||
|---|---|---|---|
| 001 | 85015 | ||
| 003 | BD-RjUL | ||
| 005 | 20250619142400.0 | ||
| 008 | 250619s1969 nyua 000 0 eng d | ||
| 035 | _a(BD-RjUL)85015 | ||
| 040 |
_aANL _beng _cANL _dBD-RjU |
||
| 041 | _aeng | ||
| 082 | 0 | 4 |
_a818.303 _bTHW 1969 _221 |
| 100 | 1 |
_aThoreau, Henry David, _d1817-1862. _970613 |
|
| 245 | 1 | 0 |
_aWalden, or, Life in the woods / _cby Henry David Thoreau |
| 260 |
_a N.Y. : _bA menter books, _c1969 |
||
| 300 |
_a221 p. : _c19 cm. |
||
| 600 |
_aThoreau, Henry David, _d 1817-1862 _xHomes and haunts _z Massachusetts. Walden Woods _915726 |
||
| 650 |
_aAuthors, American _990139 _v Biography _y19th century |
||
| 650 |
_aNatural history _990140 _zMassachusetts _zWalden Woods |
||
| 650 |
_aWalden Woods (Mass.) _990144 _xSocial life and customs. |
||
| 942 |
_2ddc _cBK |
||
| 999 |
_c85015 _d85015 |
||